MARC

LEADER 00000nam0a2200000 4500
001 309381
005 20231102002202.0
020 |a RU  |b 81-95656 
035 |a (RuTPU)RU\TPU\book\334703 
090 |a 309381 
100 |a 20151112d1981 km y0rusy5003 ca 
101 0 |a rus 
102 |a RU 
105 |a a z 001zy 
200 1 |a Математико-статистические методы в исторических исследованиях  |f Т. И. Славко  |g Академия наук СССР, Казанский филиал, Институт языка, литературы и истории 
210 |a Москва  |c Наука  |d 1981 
215 |a 158 с.  |c ил. 
320 |a Библиогр. в примеч. в конце гл. 
606 1 |a История  |x Математические методы исследования  |2 stltpush  |3 (RuTPU)RU\TPU\subj\52412  |9 70868 
610 1 |a математико-статистические методы 
610 1 |a исторические исследования 
610 1 |a применение 
610 1 |a распространение 
610 1 |a статистические закономерности 
610 1 |a статистические группировки 
610 1 |a выборочные методы 
610 1 |a взаимосвязи 
610 1 |a измерение 
686 |a Т03  |2 rubbk 
700 1 |a Славко  |b Т. И.  |g Татьяна Ивановна  |4 070 
712 0 2 |a Академия наук СССР  |b Казанский филиал  |b Институт языка, литературы и истории  |2 stltpush  |3 (RuTPU)RU\TPU\col\26277 
801 0 |a RU  |b RuMRKP  |c 19950704  |g psbo 
801 1 |a RU  |b 63413507  |c 20151112 
801 2 |a RU  |b 63413507  |c 20190913  |g RCR 
942 |c BK